The story of India : (Record no. 129880)

MARC details
000 -LEADER
fixed length control field 00734nam a22002177a 4500
005 - DATE AND TIME OF LATEST TRANSACTION
control field 20170124110104.0
010 ## - LIBRARY OF CONGRESS CONTROL NUMBER
LC control number A-933908
020 ## - INTERNATIONAL STANDARD BOOK NUMBER
Terms of availability 00.00
International Standard Book Number 8190078003
037 ## - SOURCE OF ACQUISITION
Source of stock number/acquisition Cen Lib/Ret
040 ## - CATALOGING SOURCE
Original cataloging agency DPL
Language of cataloging EN
082 ## - DEWEY DECIMAL CLASSIFICATION NUMBER
Classification number 954
Item number DAM
100 ## - MAIN ENTRY--PERSONAL NAME
Personal name Damodaran, Edavana
9 (RLIN) 27671
245 ## - TITLE STATEMENT
Title The story of India :
Statement of responsibility, etc by Edavana Damodaran
Remainder of title traces the history of India from antiquity to the present in a chronological order /
260 ## - PUBLICATION, DISTRIBUTION, ETC. (IMPRINT)
Place of publication, distribution, etc Mumbai
Name of publisher, distributor, etc Sahayog Publications
Date of publication, distribution, etc 1997
270 ## - ADDRESS
Address Mumbai
City Mumbai
Postal code 400069
300 ## - PHYSICAL DESCRIPTION
Extent viii, 465p.
Dimensions 20cm(Hb)
500 ## - GENERAL NOTE
General note Includes bibliographical reference and index
650 ## - SUBJECT ADDED ENTRY--TOPICAL TERM
Topical term or geographic name as entry element Indic literature
9 (RLIN) 107405
650 ## - SUBJECT ADDED ENTRY--TOPICAL TERM
Topical term or geographic name as entry element Social history
9 (RLIN) 7270
942 ## - ADDED ENTRY ELEMENTS (KOHA)
Source of classification or shelving scheme Dewey Decimal Classification
Koha item type English Books
Classification part 954
Call number suffix DAM
Holdings
Withdrawn status Lost status Damaged status Not for loan Home library Current library Date acquired Source of acquisition Cost, normal purchase price Total Checkouts Full call number Barcode Date last seen Copy number Cost, replacement price Price effective from Koha item type Public note
Written off       Central Library Central Library 07/07/2015 Cen Lib/Ret 0.00   954 DAM A-933908 07/07/2015 1 0.00 07/07/2015 English Books W/d List No. 8134/21; dtd 20.2.2017

© Delhi Public Library
Hit Counter
free hit counter